Theatermaschinen - Maschinentheater : Von Mechaniken, Machinationen und Spektakeln.

Bibliographic Details
Main Author: Menke, Bettine.
Other Authors: Struck, Wolfgang.
Format: eBook
Language:German
Published: Bielefeld : Transcript Verlag, 2022.
Edition:1st ed.
Series:Theater Series
Subjects:
Online Access:Click to View
LEADER 03046nam a22003853i 4500
001 EBC30469268
003 MiAaPQ
005 20231204023230.0
006 m o d |
007 cr cnu||||||||
008 231204s2022 xx o ||||0 ger d
020 |a 9783839453148  |q (electronic bk.) 
035 |a (MiAaPQ)EBC30469268 
035 |a (Au-PeEL)EBL30469268 
035 |a (OCoLC)1353268747 
040 |a MiAaPQ  |b eng  |e rda  |e pn  |c MiAaPQ  |d MiAaPQ 
100 1 |a Menke, Bettine. 
245 1 0 |a Theatermaschinen - Maschinentheater :  |b Von Mechaniken, Machinationen und Spektakeln. 
250 |a 1st ed. 
264 1 |a Bielefeld :  |b Transcript Verlag,  |c 2022. 
264 4 |c ©2022. 
300 |a 1 online resource (380 pages) 
336 |a text  |b txt  |2 rdacontent 
337 |a computer  |b c  |2 rdamedia 
338 |a online resource  |b cr  |2 rdacarrier 
490 1 |a Theater Series ;  |v v.135 
505 0 |a Intro -- Inhalt -- Theater-Maschinen/Maschinen-Theater: Einleitung -- I. Theater-Maschinen, Machinationen und Maschinen-Theater -- Gothaer Hamletmaschinen 1710 und 1778 -- »Horazens Geist« oder Was die der Druckmaterialität über Kaspar Stielers Bellemperie verrät -- Machinati Progetti. Das Theater Feltre im Risorgimento -- Optische Architekturen und die Sache mit der res extensa -- Ähnlichkeit, Spektakel, Markt. Theatermaschine und Regierung nach Shakespeare und Foucault -- II. Melodram/Mischformen -- Wie sich das Staunen in Neugier wandelt oder Proserpina, Medea, Ariadne und Musik-Maschinen-Theater in Gotha - mit einem Seitenblick auf Goethe -- Kunstvolles Kaschieren. Die Gestaltung theatraler Effektszenen in Friedrich Wilhelm Gotters Singspielen -- Neptuns Maschinen. Meeresauftritte in der Oper des 17. und 18. Jahrhunderts -- Chiaroscuro. Bildszenographie im Melodram des 19. Jahrhunderts (Guilbert de Pixerécourt, Douglas Jerrold) -- Maschine und Melodram. Wie Tiecks Der gestiefelte Kater das Theater vorführt -- III. Transformationen: Wissen, Technik, Spektakel -- Manipulationen: Drei Szenen über das Verhältnis von Theater und Maschine -- Theatermaschinen als technisches Bild -- … und sie bewegt sich doch. Die Maschine des 17. Jahrhunderts als Ausstellungsmodell zwischen Funktionieren und Scheitern -- Kautschuk-Ästhetik um 1900: Maschinentheater - Film - Literatur - Werbung -- Astramentum ex machina. Zum Queering kolonialer Schaukultur -- Zu den Autor*innen -- Abbildungsnachweise. 
588 |a Description based on publisher supplied metadata and other sources. 
590 |a Electronic reproduction. Ann Arbor, Michigan : ProQuest Ebook Central, 2023. Available via World Wide Web. Access may be limited to ProQuest Ebook Central affiliated libraries.  
655 4 |a Electronic books. 
700 1 |a Struck, Wolfgang. 
776 0 8 |i Print version:  |a Menke, Bettine  |t Theatermaschinen - Maschinentheater  |d Bielefeld : Transcript Verlag,c2022 
797 2 |a ProQuest (Firm) 
830 0 |a Theater Series 
856 4 0 |u https://ebookcentral.proquest.com/lib/matrademy/detail.action?docID=30469268  |z Click to View